Detalles MARC
| 000 -CABECERA |
| campo de control de longitud fija |
00954nam a2200253 a 4500 |
| 001 - NÚMERO DE CONTROL |
| campo de control |
000015094 |
| 005 - FECHA Y HORA DE LA ÚLTIMA TRANSACCIÓN |
| campo de control |
20200929163945.0 |
| 008 - DATOS DE LONGITUD FIJA--INFORMACIÓN GENERAL |
| campo de control de longitud fija |
100201s2002 dr abd 001 0 spa d |
| 040 ## - FUENTE DE LA CATALOGACIÓN |
| Centro catalogador/agencia de origen |
DO-SdBNP |
| Lengua de catalogación |
spa |
| Centro/agencia transcriptor |
BNPHU |
| 082 ## - NÚMERO DE LA CLASIFICACIÓN DECIMAL DEWEY |
| Número de clasificación |
738.097291 |
| Número de documento/Ítem |
U42c |
| 100 1# - ENTRADA PRINCIPAL--NOMBRE DE PERSONA |
| Nombre de persona |
Ulloa Hung, Jorge, |
| Fechas asociadas al nombre |
1965- |
| 9 (RLIN) |
16015 |
| 245 10 - MENCIÓN DE TÍTULO |
| Título |
Cerámica temprana en el centro del oriente de Cuba / |
| Mención de responsabilidad, etc. |
Jorge Ulloa Hung, Roberto Valcárcel Rojas. |
| 260 ## - PUBLICACIÓN, DISTRIBUCIÓN, ETC. |
| Lugar de publicación, distribución, etc. |
Santo Domingo : |
| Nombre del editor, distribuidor, etc. |
Viewgraph, |
| Fecha de publicación, distribución, etc. |
2002. |
| 300 ## - DESCRIPCIÓN FÍSICA |
| Extensión |
242 p. : |
| Otras características físicas |
il., mapas, tablas ; |
| Dimensiones |
28 cm. |
| 500 ## - NOTA GENERAL |
| Nota general |
Incluye datos biográficos de los autores: p. 242. |
| 504 ## - NOTA DE BIBLIOGRAFÍA, ETC. |
| Nota de bibliografía, etc. |
Bibliografía : p. 234-241. |
| 590 ## - NOTA LOCAL (RLIN) |
| Nota local |
Inventariado, 2018/LP |
| 650 #4 - PUNTO DE ACCESO ADICIONAL DE MATERIA--TÉRMINO DE MATERIA |
| Término de materia o nombre geográfico como elemento de entrada |
Cerámica indígena |
| Subdivisión geográfica |
Cuba |
| 9 (RLIN) |
34174 |
| 650 #4 - PUNTO DE ACCESO ADICIONAL DE MATERIA--TÉRMINO DE MATERIA |
| Término de materia o nombre geográfico como elemento de entrada |
Cerámica precolombina |
| 9 (RLIN) |
34175 |
| 650 #4 - PUNTO DE ACCESO ADICIONAL DE MATERIA--TÉRMINO DE MATERIA |
| Término de materia o nombre geográfico como elemento de entrada |
Indígenas de cuba |
| Subdivisión general |
Cerámica |
| 9 (RLIN) |
34176 |
| 650 #4 - PUNTO DE ACCESO ADICIONAL DE MATERIA--TÉRMINO DE MATERIA |
| Término de materia o nombre geográfico como elemento de entrada |
Arqueología indígena |
| Subdivisión geográfica |
Cuba |
| 9 (RLIN) |
34177 |
| 700 1# - PUNTO DE ACCESO ADICIONAL--NOMBRE DE PERSONA |
| Nombre de persona |
Valcárcel Rojas, Roberto, |
| Fechas asociadas al nombre |
1968- |
| 9 (RLIN) |
34178 |
| 910 ## - DATOS DE OPCIÓN DEL USUARIO (OCLC) |
| Datos de opción del usuario |
Validado. Control de calidad EMS |